The passports act, 1967 / (Record no. 39163)

MARC details
000 -LEADER
fixed length control field 00641nam a22001697a 4500
005 - DATE AND TIME OF LATEST TRANSACTION
control field 20100804121534.0
010 ## - LCCN (DPL NO)
LC control number ENG-98126
035 ## - SYSTEM CONTROL NUMBER
System control number EN-81659
037 ## - SOURCE OF ACQUISITION
Source of stock number/acquisition DBAD/PUB
082 ## - DEWEY DECIMAL CLASSIFICATION NUMBER
Classification number 342.595082
245 ## - TITLE STATEMENT
Title The passports act, 1967 /
260 ## - PUBLICATION, DISTRIBUTION, ETC. (IMPRINT)
Place of publication, distribution, etc Delhi
Name of publisher, distributor, etc Universal Law Publishing
Date of publication, distribution, etc 2010
270 ## - ADDRESS
Address C-FF-1A, Dilkhush Industrial Estate,(Opp. Hans Cinema, Azadpur) G.T. Karnal Road
City Delhi
Postal code 110033
300 ## - PHYSICAL DESCRIPTION
Extent ii, 78p.
Dimensions 24cm (pbk)
942 ## - ADDED ENTRY ELEMENTS (KOHA)
Source of classification or shelving scheme Dewey Decimal Classification
Item type English Books
Classification part 342.595082
Call number suffix PAS
Holdings
Withdrawn status Lost status Not for loan Collection code Home library Current library Date acquired Source of acquisition Cost, normal purchase price Full call number Barcode Copy number Cost, replacement price Koha item type
    Not For Loan Non-fiction D.B.Act.Division D.B.Act.Division 04/08/2010 DBAD/PUB 60.00 342.595082 PAS EN-81659 1 60.00 English Books

© Delhi Public Library
Hit Counter
free hit counter